Govt. of
Madhya Pradesh

Asiiatic Lion Reviving the Pride of Gir (Record no. 65387)

MARC details
000 -LEADER
fixed length control field 00269nam a22001097a 4500
082 ## - DEWEY DECIMAL CLASSIFICATION NUMBER
Classification number 590/SIN
100 ## - MAIN ENTRY--AUTHOR NAME
Personal name Singh,H.S.
245 ## - TITLE STATEMENT
Title Asiiatic Lion Reviving the Pride of Gir
260 ## - PUBLICATION, DISTRIBUTION, ETC. (IMPRINT)
Place of publication New Delhi
Name of publisher Publication Division
Year of publication 2019
650 ## - SUBJECT ADDED ENTRY--TOPICAL TERM
Topical Term Zoology
942 ## - ADDED ENTRY ELEMENTS (KOHA)
Koha item type Books
Holdings
Withdrawn status Lost status Damaged status Not for loan Home library Current library Date acquired Cost, normal purchase price Full call number Accession Number Price effective from Koha item type
        MACL MACL 12/10/2022 1250.00 590/SIN CRE040128 12/10/2022 Books